000 00692nam a2200253 i 4500
001 7795
003 ES-MaACL
005 20250911062631.0
007 t|
008 910511s1991 sp ||||1| spa d
020 _a84-233-1991-1
080 _a86-311.1"19"
080 _a86(Conde,A.7 O.01)
100 1 _aConde, Alfredo,
_d1945-
_9173663
245 1 4 _aLos Otros dias /
_cAlfredo Conde.
250 _a1a ed.
260 _aBarcelona :
_bDestino,
_c1991.
300 _a221 p. ;
_c20 cm.
490 1 _aAncora y delfín ;
_v668
500 _aPremio Nadal 1991.
830 0 0 _aÁncora y Delfín
_v668
_9151298
852 _aES-MaACL
_jL-15044
_bR.119432
_z. - rust.
999 _c7795
_d7795